• 首页
  • 本馆介绍
  • 公告通知
  • 最新文献
  • 馆藏检索
  • 电子资源
  • 读者导购
  • 参考咨询
  • 我的图书馆
  • 登录
  • 详细信息显示
  • 放入我的书架
  • 预约/预借图书
  • 作者相关作品
  • 分类相关作品
  • 丛书相关作品
  • 出版社相关作品

书目信息

  • 表格格式
  • 工作单格式
  • 卡片格式
题名:
DV拍摄情节电影的要诀
    
 
作者: 熊大文 编著/绘制
分册:  
出版信息: 北京   中国电影出版社  2011.06
页数: 297页
开本: 27cm
丛书名:
单 册:
中图分类: J93
科图分类:
主题词: 电影制作 , 镜头(电影艺术镜头)
电子资源:
ISBN: 978-7-106-03336-1
000 00921nam0 2200253 450
001 004944505
005 20130628103527.25
010    @a978-7-106-03336-1@dCNY98.00
100    @a20110920d2011 em y0chiy50 ea
101 0  @achi
102    @aCN@b110000
105    @aa z 000yy
106    @ar
200 1  @aDV拍摄情节电影的要诀@9DV pai she qing jie dian ying de yao jue@e场面调度与镜头组接手册@f熊大文编著/绘制
210    @a北京@c中国电影出版社@d2011.06
215    @a297页@c图@d27cm
330    @a本书用数码插图诠释的电影导演手册,把电影的蒙太奇理论与电影拍摄实践结合为一体,把高不可攀的电影导演平民化,成就拍摄DV的平民百姓跨进电影导演的行列。
517 1  @a场面调度与镜头组接手册@9chang mian tiao du yu jing tou zu jie shou ce
606 0  @a电影制作
606 0  @a镜头(电影艺术镜头)
690    @aJ93@v4
701  0 @a熊大文@9xiong da wen@4编著/绘制
801  0 @aCN@bNLC@c20110920
905    @b544472-76@dJ93@e272@f5
    
    DV拍摄情节电影的要诀:场面调度与镜头组接手册/熊大文编著/绘制.-北京:中国电影出版社,2011.06
    297页:图;27cm
    
    
    ISBN 978-7-106-03336-1:CNY98.00
    本书用数码插图诠释的电影导演手册,把电影的蒙太奇理论与电影拍摄实践结合为一体,把高不可攀的电影导演平民化,成就拍摄DV的平民百姓跨进电影导演的行列。
●
相关链接 在E读中查询图书 在五车中查询图书 在当当中查询图书 在豆瓣中查询图书


正题名:DV拍摄情节电影的要诀     索取号:J93/272         预约/预借

序号 登录号 条形码 馆藏地/架位号 状态 备注
1 544472   205444722   第一样本阅览室/ [索取号:J93/272] 在馆    
2 544473   205444731   密集书库-美术系/ [索取号:J93/272] 在馆    
3 544474   205444740   第一借阅区/ [索取号:J93/272] 在馆    
4 544475   205444759   第一借阅区/ [索取号:J93/272] 在馆    
5 544476   205444768   第一借阅区/ [索取号:J93/272] 在馆    
唐山师范学院图书馆 欢迎您!
大连网信软件有限公司© 版权所有